Devine la chanson #10 - Statistiques

Statistiques générales
  • Ce quiz a été pris 83 fois
  • Le résultat moyen est 139 sur 314
Statistiques - réponses
Paroles % Correct
à
95%
je
95%
Je
95%
la
93%
le
91%
ma
91%
De
85%
de
85%
Et
77%
et
77%
les
76%
te
76%
Mais
75%
des
71%
pour
71%
que
67%
en
64%
par
61%
du
60%
au
59%
mes
53%
toi
53%
sûr
52%
sur
52%
ton
52%
Elles
47%
Bien
45%
bien
45%
peau
44%
t'aime
41%
t'aime!
41%
j'ai
40%
J'ai
40%
sont
40%
dit
39%
jure
39%
Tous
37%
Jamais
35%
même
32%
n'ai
29%
pu
28%
aventure
25%
d'aventure
25%
encore
25%
leur
25%
matin
25%
corps
24%
port
24%
rien
24%
beau
20%
Serge Lama
20%
soir
20%
train
20%
D'aventures en aventures
19%
leurs
19%
mains
19%
oublier
17%
d'autres
16%
m'ont
16%
trouvé
16%
blessure
15%
fermer
13%
fois
13%
lèvres
13%
mots
13%
nue
13%
venues
13%
caressé
12%
première
12%
certitudes
11%
Parce
11%
dents
9%
depuis
9%
habitudes
9%
murmuré
9%
tendres
9%
frissons
8%
nom
8%
nues
8%
partagé
8%
souvent
8%
trouver
8%
venus
8%
blême
7%
Entre
7%
front
7%
jeu
7%
armes
5%
bonsoir
5%
joué
5%
larmes
5%
marquer
5%
repos
5%
l'adieu
4%
mi-voix
4%
redit
4%
Aucun quiz correspondant
Distribution des résultats
% des personnes avec chaque résultat
Percentile par nombre de réponses
Votre historique - résultats
Vous n’avez pas pris ce quiz